00343nam a22000857a 4500008004100000082001500041245016300056260002900219300000900248230609b xxu||||| |||| 00| 0 eng d a352.4bKEN a2009/2010 Supplementary Estimates ( Development Expenditure)bEstimate of Further Sums Required to be Voted for the Service of the Year Ending 30th June,2010 aNairobi,KenyabGOKc2010 a591p